000 00613nam a2200229Ia 4500
003 OSt
005 20220918205355.0
006 a|||||r|||| 00| 0
007 ta
008 220917b |||||||| |||| 00| 0 eng d
024 _a116,295
037 _cTextual
040 _aARTS
_cARTS
_beng
041 _2eng
_aeng
082 _aV6.N7, M3
100 _aWiking Stanffan
_9114893
245 0 _aMilitary coups in sub Saharan Africa
_b how to justify illegal assumptions of power
260 _c1983
650 _aHISTORY
942 _hV6.N7, M3
_cTEXL
_2CC
999 _c239623
_d239623